Anime Populaires - Statistiques

Statistiques générales
  • Ce quiz a été pris 4 148 fois
  • Le résultat moyen est 27 sur 78
Statistiques - réponses
Numéro Réponse Date % Correct
# 2 Naruto 2002
98%
# 1 One Piece 1999
98%
# 4 Dragon Ball 1986
93%
# 7 l'Attaque des Titans 2013
84%
# 3 Demon Slayer 2019
82%
# 5 My Hero Academia 2016
81%
# 8 Jujutsu Kaisen 2020
80%
# 11 Bleach 2004
79%
# 10 Hunter x Hunter 2011
77%
# 6 Death Note 2006
71%
# 12 Fairy Tail 2009
64%
# 17 One Punch Man 2015
62%
# 13 Tokyo Ghoul 2014
59%
# 48 Blue Lock 2022
57%
Bonus Anime bonus ???
52%
# 18 Black Clover 2017
52%
# 15 Fullmetal Alchemist 2003
52%
# 22 Kuroko's Basket 2012
50%
# 16 Tokyo Revengers 2021
49%
# 14 Jojo's Bizarre Adventure 2012
48%
# 20 Assassination Classroom 2015
47%
# 19 Haikyuu !! 2014
45%
# 40 Berserk 1997
44%
# 28 Seven Deadly Sins 2014
44%
# 37 Dr. Stone 2019
43%
# 9 Sword Art Online 2012
43%
# 34 Chainsaw Man 2022
41%
# 32 Spy x Family 2022
40%
# 61 Solo Leveling 2024
39%
# 21 Vinland Saga 2019
39%
# 26 The Promised Neverland 2019
37%
# 38 Code Geass 2006
35%
# 23 Fire Force 2019
35%
# 45 Food Wars! 2015
35%
# 47 Neon Genesis Evangelion 1995
35%
# 50 Great Teacher Onizuka 1999
32%
# 27 Parasyte 2014
30%
# 31 Re:Zero 2016
30%
# 52 Inazuma Eleven 2008
29%
# 25 Oshi no ko 2023
29%
# 29 Blue Exorcist 2011
27%
# 36 Erased 2016
25%
# 59 Mashle 2023
25%
# 63 Black Butler 2008
23%
# 68 Captain Tsubasa 1983
23%
# 49 Classroom of the Elite 2017
22%
# 41 Hell's Paradise 2023
22%
# 24 Mob Psycho 100 2016
22%
# 30 Moi, quand je me réincarne en slime 2018
22%
# 46 Gintama 2006
21%
# 57 Violet Evergarden 2018
20%
# 43 Cowboy Bebop 1998
19%
# 55 Fate/stay night 2006
19%
# 67 Frieren 2023
19%
# 69 Kaguya-Sama:Love is war 2019
19%
# 54 Overlord 2015
19%
# 64 Death Parade 2015
18%
# 65 Hajime no Ippo 2000
16%
# 33 Steins;Gate 2011
16%
# 42 Akame ga Kill 2014
15%
# 51 Another 2012
15%
# 44 Mushoku Tensei 2021
15%
# 71 Darling in the Franxx 2018
14%
# 39 Soul Eater 2008
14%
# 75 Kingdom 2012
13%
# 58 K-on ! 2009
13%
# 56 Made in Abyss 2017
12%
# 77 Devilman:Crybaby 2018
11%
# 62 Mirai Nikki 2011
10%
# 53 Rent a Girlfriend 2020
8%
# 35 The Rising of the Shield Hero 2018
8%
# 74 Inu-Yasha 2000
6%
# 66 Magi: The Labyrinth of Magic 2012
6%
# 73 The Eminence in Shadow 2022
6%
# 60 Ranking of Kings 2021
4%
# 76 Domestic Girlfriend 2019
3%
# 70 Blood C 2011
1%
# 72 Tengoku Daimakyou 2023
1%
Aucun quiz correspondant
Distribution des résultats
% des personnes avec chaque résultat
Percentile par nombre de réponses
Votre historique - résultats
Vous n’avez pas pris ce quiz